Province della Lombardia per Superficie - Statistics

Statistiche generali
  • Questo quiz è stato fatto 63 volte
  • Il punteggio medio è 10 su 12
Statistiche sulle risposte
Superficie (km²) Provincia o Città Metropolitana % Corretto
4 786 Provincia di Brescia
100%
3 196 Provincia di Sondrio
90%
2 755 Provincia di Bergamo
87%
1 279 Provincia di Como
87%
405 Provincia di Monza e Brianza
87%
1 576 Città metropolitana di Milano
85%
1 770 Provincia di Cremona
83%
806 Provincia di Lecco
83%
2 341 Provincia di Mantova
83%
2 969 Provincia di Pavia
81%
1 198 Provincia di Varese
81%
783 Provincia di Lodi
77%
Nessun quiz corrispondente trovato
Distribuzione punteggi
Percentuale di utenti per punteggio
Percentile per numero di risposta
I tuoi punteggi nel tempo
Non hai fatto questo quiz